| 000 | 00645am a2200265a 44500 | ||
|---|---|---|---|
| 003 | AR-BaBNM | ||
| 005 | 20251128211019.0 | ||
| 008 | 020701s1996 #AR|||||||||||000 | ing|| | ||
| 020 | _a0-582-09918-8 | ||
| 040 | _cAR-BaBNM | ||
| 100 | 1 | _aAbbs, Brian | |
| 245 | 1 | 0 |
_aSplash! _n3 |
| 260 |
_aEdinburgh _bAddison Wesley Longman _c1996 |
||
| 300 |
_a80 p. _bil. |
||
| 650 | 4 | _aENSEÑANZA DE IDIOMAS | |
| 650 | 4 | _aINGLES | |
| 650 | 4 | _aLENGUA EXTRANJERA | |
| 650 | 4 | _aLIBROS DE TEXTO | |
| 650 | 4 | _aLIBROS PARA NIÑOS | |
| 650 | 4 | _aJUEGOS EDUCATIVOS | |
| 700 | 1 | _aWorrall, Anne | |
| 700 | 1 | _aWard, Ann | |
| 942 | _cBK | ||
| 998 | _craquel | ||
| 999 |
_c17892 _d17892 |
||